Numerical methods of reactor analysis /

Guardado en:
Autor Principal: Clark, Melville.
Otros Autores: Hansen, Kent F.
Formato: Libro
Idioma:English
Publicado: New York : Academic Press, 1964.
Series:Nuclear science and technology ; 3.
Materias:
Etiquetas: Agregar Etiqueta
Sin Etiquetas, Sea el primero en etiquetar este registro!
LEADER 00815nam a22002291a 4500
001 MAT.inmabb005727
008 840406s1964####nyua#####b####000#0#eng##
005 20170823133715.0
245 1 0 |a Numerical methods of reactor analysis /  |c [by] Melville Clark, Jr. [and] Kent F. Hansen. 
260 |a New York :  |b Academic Press,  |c 1964. 
300 |a xi, 340 p. :  |b il. ;  |c 24 cm. 
490 1 |a Nuclear science and technology, a series of monographs and textbooks ;  |v 3 
504 |a Incluye referencias bibliográficas. 
510 4 |a MR,  |c *REVIEW #* 
100 1 |a Clark, Melville. 
700 1 |a Hansen, Kent F. 
830 0 |a Nuclear science and technology ;  |v 3. 
650 0 |a Nuclear reactors  |x Tables. 
084 |a 81-XX  |2 msc2000 
010 |a  64020318  
040 |a DLC/ICU  |c ICU  |d DLC 
859 |h 81  |i C592  |p A-2573  |b BIB. MATEMATICA